| 000 | 01007nam0a22002771 4500 | ||
|---|---|---|---|
| 001 | rc\2559789 | ||
| 005 | 20250623104330.0 | ||
| 035 | _a(NLR Aleph) 006724713 | ||
| 090 |
_a5480781 _c5480781 |
||
| 100 | _a20110914d1927 |||y0rusy50 ca | ||
| 101 | 1 |
_arus _cger |
|
| 102 | _aRU | ||
| 105 | _aa z ||||| | ||
| 200 | 1 |
_aПроисхождение музыки _fПер. с нем. Ю. Вайнкопа _gПод ред. и с предисл. С. Гинзбурга |
|
| 210 |
_aЛенинград _cКооп. Музыкально-Изд-ское Т-во "Тритон" _d1927 [1926] |
||
| 215 |
_a59 с. _cил. _d18 см. |
||
| 225 | 1 |
_aКниги по музыке _fПод общ. ред. Игоря Глебова |
|
| 700 | 1 |
_aШтумпф _bК. _f1848-1936 _gКарл |
|
| 702 | 1 |
_aГинзбург _bС. _4340 _4080 |
|
| 702 | 1 |
_aВайнкоп _bЮ. _4730 |
|
| 801 | 0 |
_aRU _bNLR _gpsbo |
|
| 801 | 1 |
_aRU _bELAR _2rusmarc |
|
| 852 |
_aNLR _j18.164.7.25 |
||
| 852 |
_aNLR _jМф К1/4557 |
||
| 942 | _cBOOK | ||
| 980 | _aNB | ||